00241nam a2200097Ia 4500008004100000100002000041245003000061260003000091300000900121650001300130190216s9999||||xx |||||||||||||| ||und|| aBhagwati Prasad 0aOutline Of Income Tax Law bCentral Law Agenccyc1979 a452p aCommerce